[Event "Challengers Cup"]
[Site "Seattle CC"]
[Date "2009.12.12"]
[Round "2"]
[White "Chen, Howard"]
[Black "Guo, Alex"]
[Result "1-0"]
[WhiteElo "2214"]
[BlackElo "2091"]
[PlyCount "82"]
[EventDate "2009.12.13"]
[SourceDate "2009.12.12"]

1. e4 e6 2. d4 d5 3. Nd2 Nf6 4. e5 Nfd7 5. Bd3 c5 6. c3 Nc6 7. Ne2 cxd4 8. cxd4
f6 9. exf6 Qxf6 10. Nf3 e5 11. dxe5 Ndxe5 12. Nxe5 Qxe5 13. O-O Bc5 14. Qc2 Bd6
15. Bf4 Qf6 16. Bxd6 Qxd6 17. Rfe1 Kf7 18. Rad1 Bg4 19. Bc4 Nb4 20. Qe4 Bxe2
21. Rxe2 Rhd8 22. Red2 Qe6 23. Qf3+ Kg8 24. Rxd5 Rf8 25. R5d4 Qxc4 26. Qxf8+
Rxf8 27. Rxc4 Nc6 28. Re4 g6 29. Rd7 Rb8 30. f4 a5 31. g4 b5 32. Kg2 a4 33. Rc7
Na5 34. Ree7 Rd8 35. Rg7+ Kf8 36. Rxh7 Rd2+ 37. Kg3 Rd3+ 38. Kh4 Kg8 39. Rcg7+
({Or} 39. Rhg7+ {it's not clear which rook}) 39... Kf8 40. Rd7 Rxd7 41. Rxd7
Nc4 1-0

[Event "Challengers Cup"]
[Site "Seattle CC"]
[Date "2009.12.13"]
[Round "4"]
[White "Chen, Howard"]
[Black "Xing, Kerry"]
[Result "1/2-1/2"]
[WhiteElo "2214"]
[BlackElo "2107"]
[PlyCount "77"]
[EventDate "2009.12.13"]
[SourceDate "2009.12.12"]

1. e4 e6 2. d4 d5 3. Nd2 Nf6 4. e5 Nfd7 5. Bd3 c5 6. c3 Nc6 7. Ne2 Qb6 8. Nf3
cxd4 9. cxd4 f6 10. exf6 Nxf6 11. O-O Bd6 12. b3 O-O 13. Bb2 Bd7 14. Ng3 Rae8
15. Ne5 Bc8 16. Kh1 g6 17. Bc2 Qc7 18. f4 Qg7 19. a3 Ne7 20. a4 Nf5 21. Bxf5
gxf5 22. Ba3 Bxa3 23. Rxa3 Qe7 24. Ra2 b6 25. Rc2 Ba6 26. Rf3 Rc8 27. Nc6 Qd7
28. Rfc3 Rxc6 29. Rxc6 Bc4 30. R2xc4 dxc4 31. Rxc4 Rc8 32. h3 Nd5 33. Qf3 Nf6
34. Qc3 Rxc4 35. bxc4 Kf7 36. Qa1 Qc7 37. Qc1 Qd7 38. Qd1 Qc7 39. Qc1 1/2-1/2

[Event "Challengers Cup"]
[Site "Seattle CC"]
[Date "2009.12.13"]
[Round "3"]
[White "Dietsch, Kris"]
[Black "Mathews, Dan"]
[Result "1/2-1/2"]
[WhiteElo "1855"]
[BlackElo "1781"]
[PlyCount "142"]
[EventDate "2009.12.13"]
[SourceDate "2009.12.12"]

1. e4 b6 2. d3 Bb7 3. f4 d5 4. Qe2 dxe4 5. dxe4 e5 6. Nf3 exf4 7. Bxf4 Nf6 8.
Nbd2 Be7 9. Qc4 Nc6 10. Bd3 O-O 11. a3 Nd7 12. e5 Nc5 13. Be4 Na5 14. Qe2 Nxe4
15. Nxe4 Qd5 16. Ned2 Nc6 17. Qc4 Qxc4 18. Nxc4 Nd8 19. O-O-O Bxf3 20. gxf3 Ne6
21. Be3 Rad8 22. f4 Rxd1+ 23. Rxd1 Rd8 24. Rg1 Bc5 25. Bxc5 Nxc5 26. Rd1 Rxd1+
27. Kxd1 Ne6 28. f5 Nd4 29. Ne3 Nf3 30. Nd5 Nxe5 31. Nxc7 Nc4 32. b3 Ne3+ 33.
Kd2 Nxf5 34. Nb5 a5 35. Kd3 Kf8 36. Nc7 Nd6 37. c3 f5 38. a4 h6 39. h4 Kf7 40.
b4 axb4 41. cxb4 g5 42. hxg5 hxg5 43. a5 bxa5 44. bxa5 Nc8 45. Nb5 Ke6 46. a6
g4 47. Ke3 Ke5 48. a7 Nxa7 49. Nxa7 f4+ 50. Kf2 Ke4 51. Nb5 g3+ 52. Kf1 f3 53.
Nc3+ Kd3 54. Nd1 Kd2 55. Nf2 Ke3 56. Nd1+ Kf4 57. Kg1 Ke4 58. Nf2+ Ke3 59. Nh3
Ke2 60. Nf4+ Ke1 61. Ng2+ Ke2 62. Nf4+ Ke3 63. Ng2+ Ke4 64. Nh4 Ke3 65. Nxf3
Kxf3 66. Kf1 Kg4 67. Kg2 Kh4 68. Kg1 Kh3 69. Kh1 Kg4 70. Kg2 Kf4 71. Kg1 Ke3
1/2-1/2

[Event "Challengers Cup"]
[Site "Seattle CC"]
[Date "2009.12.12"]
[Round "2"]
[White "Dietsch, Kris"]
[Black "Watts, Peter"]
[Result "1-0"]
[WhiteElo "1855"]
[BlackElo "1916"]
[PlyCount "103"]
[EventDate "2009.12.13"]
[SourceDate "2009.12.12"]

1. e4 Nf6 2. d3 d6 3. g3 g6 4. Bg2 Bg7 5. f4 Nbd7 6. Nf3 O-O 7. Nh4 h6 8. f5 g5
9. Nf3 d5 10. e5 Ne8 11. d4 c5 12. c3 Qb6 13. g4 e6 14. f6 Nexf6 15. exf6 Nxf6
16. Ne5 Ne4 17. Bxe4 dxe4 18. Qb3 Qc7 19. Be3 Bxe5 20. dxe5 Qxe5 21. Nd2 b6 22.
O-O-O Ba6 23. Nc4 Bxc4 24. Qxc4 Rad8 25. Qe2 f5 26. gxf5 exf5 27. Qc4+ Kg7 28.
Qa6 Rxd1+ 29. Rxd1 Rf7 30. Qc8 f4 31. Bg1 f3 32. Rd7 Qf4+ 33. Kd1 e3 34. Rxf7+
Kxf7 35. Qd7+ Kf6 36. Qd8+ Ke6 37. Qe8+ Kd5 38. Qxe3 Qxe3 39. Bxe3 Ke4 40. Kd2
h5 41. Bxg5 f2 42. Ke2 f1=Q+ 43. Kxf1 Kd3 44. Bf6 Kc2 45. b4 c4 46. a4 a5 47.
bxa5 bxa5 48. Ke2 Kb3 49. Ke3 Kxa4 50. Bd8 Kb5 51. Kd4 a4 52. Be7 1-0

[Event "Challengers Cup"]
[Site "Seattle CC"]
[Date "2009.12.12"]
[Round "1"]
[White "Guo, Alex"]
[Black "Dietsch, Kris"]
[Result "1-0"]
[WhiteElo "2091"]
[BlackElo "1855"]
[PlyCount "103"]
[EventDate "2009.12.13"]
[SourceDate "2009.12.12"]

1. c4 e5 2. g3 d6 3. Bg2 c6 4. Nc3 f5 5. d4 Be7 6. e4 exd4 7. Qxd4 Nf6 8. Bf4
O-O 9. O-O-O Nxe4 10. Bxe4 fxe4 11. Nxe4 Bf5 12. Nxd6 Qa5 13. Nxf5 Qxf5 14. Ne2
Bf6 15. Qd3 Qa5 16. Qa3 Qxa3 17. bxa3 Na6 18. Bd6 Rfe8 19. Rd2 Be5 20. c5 Nc7
21. Kc2 Nb5 22. Nf4 g5 23. Nh5 Bc3 24. Rd3 Re2+ 25. Kb3 Rb2+ 26. Kc4 Rxa2 27.
Rxc3 Nxc3 28. Kxc3 Rxf2 29. Re1 Kf7 30. Re7+ Kg6 31. g4 Rf3+ 32. Kd2 Rg8 33. a4
Rb3 34. Re6+ Kf7 35. Re5 b6 36. Re7+ Kg6 37. Re6+ Kf7 38. Rf6+ Ke8 39. Rh6 Rg6
40. Rxh7 bxc5 41. Ng7+ Kd8 42. Nf5 Ra3 43. Rxa7 Ra2+ 44. Kc3 Ra3+ 45. Kc4 Re6
46. Kxc5 Rc3+ 47. Kb6 Re2 48. Be7+ Kc8 49. Rc7+ Kb8 50. Bd6 Rb3+ 51. Ka6 Re8
52. Rb7+ 1-0

[Event "Challengers Cup"]
[Site "Seattle CC"]
[Date "2009.12.12"]
[Round "1"]
[White "Kelley, Dereque"]
[Black "Xing, Casey"]
[Result "1/2-1/2"]
[WhiteElo "2147"]
[BlackElo "1807"]
[PlyCount "43"]
[EventDate "2009.12.13"]
[SourceDate "2009.12.12"]

1. d4 Nf6 2. c4 e6 3. Nf3 d5 4. Nc3 c6 5. Bg5 Be7 6. e3 Nbd7 7. Qc2 O-O 8. Rd1
a6 9. b3 Qa5 10. Bd3 Bb4 11. Rc1 Ba3 12. b4 Bxb4 13. O-O Bxc3 14. Qxc3 Qxc3 15.
Rxc3 dxc4 16. Rxc4 Re8 17. e4 e5 18. dxe5 Nxe5 19. Nxe5 Rxe5 20. f4 Re8 21. f5
Ng4 22. Rd4 1/2-1/2

[Event "Challengers Cup"]
[Site "Seattle CC"]
[Date "2009.12.12"]
[Round "1"]
[White "Mathews, Dan"]
[Black "McMillan, Charles"]
[Result "0-1"]
[WhiteElo "1781"]
[BlackElo "2063"]
[PlyCount "70"]
[EventDate "2009.12.13"]
[SourceDate "2009.12.12"]

1. Nf3 Nf6 2. g3 g6 3. Bg2 Bg7 4. O-O O-O 5. d4 d6 6. Re1 c5 7. dxc5 dxc5 8.
Qxd8 Rxd8 9. Nc3 Nc6 10. a3 Bg4 11. Be3 Nd4 12. Bxd4 cxd4 13. Nd1 Nd5 14. h3
Be6 15. Rc1 Rac8 16. e3 dxe3 17. fxe3 Bh6 18. Kf2 Nf6 19. Nc3 Rxc3 20. bxc3
Ne4+ 21. Kg1 Nxc3 22. Nd4 Rxd4 23. exd4 Bxc1 24. Bxb7 (24. Rxc1 Ne2+) 24...
Bxa3 25. Ra1 Bb2 26. Rxa7 Ne2+ 27. Kg2 Nxd4 28. Be4 f5 29. Bd3 Kf7 30. c4 Nc6
31. Rc7 Ne5 32. Be2 Bd4 33. c5 Bd5+ 34. Kh2 Bc6 35. Bc4+ Kf6 0-1

[Event "Challengers Cup"]
[Site "Seattle CC"]
[Date "2009.12.13"]
[Round "4"]
[White "Mathews, Dan"]
[Black "Xing, Casey"]
[Result "1/2-1/2"]
[WhiteElo "1781"]
[BlackElo "1807"]
[PlyCount "110"]
[EventDate "2009.12.13"]
[SourceDate "2009.12.12"]

1. f4 d5 2. Nf3 c5 3. e3 g6 4. Bb5+ Bd7 5. Bxd7+ Nxd7 6. O-O Bg7 7. Nc3 e6 8.
d4 Ngf6 9. dxc5 Nxc5 10. Qd4 Qe7 11. b4 Ncd7 12. e4 dxe4 13. Nxe4 O-O 14. Ne5
Rfd8 15. Nxf6+ Nxf6 16. Qc5 Qxc5+ 17. bxc5 Nd7 18. Rb1 Nxc5 19. Ba3 Bf8 20. Nd3
Nxd3 21. Bxf8 Kxf8 22. cxd3 b6 23. Rb3 Rd7 24. Kf2 Rc8 25. Ke3 Rc2 26. Rf2 Rxf2
27. Kxf2 Ke7 28. Ke3 Rd5 29. g4 Kd7 30. d4 Ra5 31. a3 Kd6 32. Ke4 f5+ 33. gxf5
exf5+ 34. Kf3 Kd5 35. Ke3 b5 36. Rc3 a6 37. Rc5+ Kd6 38. Rc3 Ra4 39. Kd3 a5 40.
Rb3 Kc6 41. Rc3+ Kd5 42. Rc5+ Kd6 43. Rxb5 Rxa3+ 44. Kc4 Ra4+ 45. Kd3 Ra2 46.
h4 Rh2 47. Rxa5 Rxh4 48. Ra6+ Kd5 49. Ra5+ Kc6 50. d5+ Kd6 51. Ke3 Rh1 52. Kd4
Rd1+ 53. Kc4 Rc1+ 54. Kd4 Rd1+ 55. Kc4 Rc1+ 1/2-1/2

[Event "Challengers Cup"]
[Site "Seattle CC"]
[Date "2009.12.12"]
[Round "2"]
[White "Monahan, Darby"]
[Black "Kelley, Dereque"]
[Result "0-1"]
[WhiteElo "1569"]
[BlackElo "2147"]
[PlyCount "58"]
[EventDate "2009.12.13"]
[SourceDate "2009.12.12"]

1. e4 e5 2. Nf3 Nf6 3. Bc4 Nxe4 4. d3 Nf6 5. Nxe5 d5 6. Bb3 Bd6 7. d4 O-O 8. f4
c5 9. dxc5 Bxc5 10. Nc3 Be6 11. Na4 Ne4 12. Nxc5 Qh4+ 13. g3 Nxg3 14. Nf3 Qe7
15. Kf2 Nxh1+ 16. Qxh1 Qxc5+ 17. Be3 Qc7 18. Qg2 Nc6 19. c3 d4 20. Nxd4 Nxd4
21. Bxd4 Qxf4+ 22. Kg1 Qg4 23. Qxg4 Bxg4 24. Kf2 Rae8 25. Bc4 Be6 26. Rg1 Bxc4
27. Rxg7+ Kh8 28. Rxf7+ Kg8 29. Rxf8+ {(29.Rg7+ is illegal)} Rxf8+ 0-1

[Event "Challengers Cup"]
[Site "Seattle CC"]
[Date "2009.12.12"]
[Round "1"]
[White "Perez, Ignacio"]
[Black "Harrison, Drayton"]
[Result "1-0"]
[WhiteElo "2265"]
[BlackElo "1982"]
[PlyCount "81"]
[EventDate "2009.12.13"]
[SourceDate "2009.12.12"]

1. d4 d5 2. c4 e6 3. Nc3 c6 4. Nf3 dxc4 5. e4 b5 6. Be2 Bb7 7. O-O Nf6 8. Bg5
Be7 9. Qc2 a6 10. Rad1 Nbd7 11. Rfe1 O-O 12. b3 b4 13. Na4 c3 14. Bd3 h6 15.
Bh4 Re8 16. Qe2 Qa5 17. e5 Nd5 18. Qe4 Nf8 19. Bxe7 Rxe7 20. Nh4 Rc8 21. Bc2 c5
22. Nxc5 Rxc5 23. dxc5 Qxc5 24. Nf3 a5 25. Qd4 Qc7 26. h4 Ng6 27. h5 Ngf4 28.
Qe4 f5 29. exf6 Nxf6 30. Qe5 Nh3+ 31. gxh3 Bxf3 32. Qxc7 Rxc7 33. Rd6 Bxh5 34.
Re5 Kf7 35. Rxa5 Ke7 36. Rd4 Nd5 37. Raxd5 exd5 38. Rxb4 Kd6 39. Rb6+ Ke5 40.
Kg2 d4 41. Rb5+ 1-0

[Event "Challengers Cup"]
[Site "Seattle CC"]
[Date "2009.12.12"]
[Round "1"]
[White "Wang, Michael"]
[Black "Hadzic, Huso"]
[Result "1-0"]
[WhiteElo "1984"]
[BlackElo "2192"]
[PlyCount "53"]
[EventDate "2009.12.13"]
[SourceDate "2009.12.12"]

1. c4 Nf6 2. Nc3 e6 3. e4 c5 4. Nf3 Nc6 5. d4 cxd4 6. Nxd4 Bb4 7. Bg5 Qa5 8.
Nxc6 Bxc3+ 9. bxc3 Qxg5 10. e5 dxc6 11. exf6 Qe5+ 12. Be2 Qxc3+ 13. Kf1 Qxf6
14. c5 O-O 15. Rb1 Rd8 16. Qc2 e5 17. Qc3 Qe7 18. f3 Bf5 19. Rb4 Rd5 20. Kf2
Rad8 21. Rc1 Bd3 22. Re1 Rxc5 23. Qb3 Bxe2 24. Rxb7 Qh4+ 25. Kxe2 Rcd5 26. Rd1
Rxd1 27. Qxf7+ 1-0

[Event "Challengers Cup"]
[Site "Seattle CC"]
[Date "2009.12.13"]
[Round "4"]
[White "Wang, Michael"]
[Black "Ummel, Igor"]
[Result "1/2-1/2"]
[WhiteElo "1984"]
[BlackElo "1933"]
[PlyCount "65"]
[EventDate "2009.12.13"]
[SourceDate "2009.12.12"]

1. c4 e5 2. Nc3 Nc6 3. g3 Nf6 4. Bg2 Bb4 5. e4 O-O 6. Nge2 d6 7. O-O Be6 8. d3
Bc5 9. h3 Nd4 10. Nxd4 Bxd4 11. Kh2 c6 12. f4 d5 13. fxe5 Bxe5 14. d4 Bc7 15.
e5 Ne8 16. cxd5 cxd5 17. Qd3 Qd7 18. Be3 f6 19. Rf2 Rd8 20. Raf1 Rf7 21. exf6
Nxf6 22. Bg5 Rdf8 23. Bxf6 Rxf6 24. Rxf6 Rxf6 25. Rxf6 gxf6 26. Qf3 Kg7 27. Qe3
Bf7 28. Qf3 b5 29. Bf1 b4 30. Nd1 Bb6 31. Qf4 Qc7 32. Qg4+ Bg6 33. Ne3 1/2-1/2

[Event "Challengers Cup"]
[Site "Seattle CC"]
[Date "2009.12.12"]
[Round "2"]
[White "Wang, Michael"]
[Black "Xing, Kerry"]
[Result "1/2-1/2"]
[WhiteElo "1984"]
[BlackElo "2107"]
[PlyCount "142"]
[EventDate "2009.12.13"]
[SourceDate "2009.12.12"]

1. c4 f5 2. Nc3 Nf6 3. d4 d6 4. e3 g6 5. b3 Bg7 6. Bb2 O-O 7. Bd3 e5 8. dxe5
dxe5 9. Nge2 Nc6 10. a3 Be6 11. O-O Qe7 12. e4 f4 13. Nd5 Qf7 14. f3 g5 15.
Nec3 Ne8 16. a4 Kh8 17. a5 a6 18. Ba3 Rg8 19. Bc5 Bf8 20. Bxf8 Qxf8 21. Be2 Nd4
22. Na4 Rd8 23. Nb2 c6 24. Nd3 cxd5 25. exd5 Qd6 26. dxe6 Nxe2+ 27. Qxe2 Qxd3
28. Qxe5+ Ng7 29. Rfe1 Qd4+ 30. Kf1 Qxe5 31. Rxe5 h6 32. b4 Rge8 33. e7 Rd7 34.
Rae1 Kg8 35. b5 axb5 36. cxb5 Kf7 37. a6 bxa6 38. bxa6 Ra7 39. Ra5 Rea8 40.
Rea1 Kxe7 41. Kf2 Ne6 42. g3 fxg3+ 43. Kxg3 Rb8 44. h4 Rb6 45. hxg5 Nxg5 46.
Re1+ Kf7 47. Rea1 Rf6 48. R1a3 Kg6 49. Kg4 Ne6 50. Rb5 Nc7 51. Rb7 Raxa6 52.
Rxa6 Nxa6 53. Rb5 Nc7 54. Rc5 Ne6 55. Rc4 Rf5 56. Rb4 Rg5+ 57. Kh4 Rg1 58. Rb5
Nd4 59. Rb6+ Kf5 60. Kh3 Rg6 61. Rb4 {!} Nxf3 {??} 62. Rf4+ {!! =} Kg5 (62...
Kxf4 {stalemate}) 63. Rxf3 Ra6 64. Rb3 Ra5 65. Kg3 h5 66. Kh3 Rc5 67. Ra3 Rc1
68. Ra5+ Kf4 69. Ra4+ Kf3 70. Ra3+ Kf2 71. Ra2+ Kf3 1/2-1/2

[Event "Challengers Cup"]
[Site "Seattle CC"]
[Date "2009.12.13"]
[Round "3"]
[White "Xing, Casey"]
[Black "Monahan, Darby"]
[Result "1-0"]
[WhiteElo "1807"]
[BlackElo "1569"]
[PlyCount "81"]
[EventDate "2009.12.13"]
[SourceDate "2009.12.12"]

1. d4 Nf6 2. c4 e6 3. Nf3 Bb4+ 4. Bd2 Bxd2+ 5. Nbxd2 c5 6. e3 cxd4 7. Nxd4 d6
8. Be2 O-O 9. O-O Nbd7 10. Qc2 Ne5 11. N2f3 Nc6 12. Rfd1 a6 13. a3 Bd7 14. Rac1
h6 15. Qb3 Nxd4 16. Rxd4 e5 17. Rxd6 Qc7 18. Qb6 Qc8 19. Nxe5 Be6 20. Bf3 Rb8
21. b3 Re8 22. Rdd1 Bf5 23. Nd3 Be4 24. Bxe4 Nxe4 25. f3 Re6 26. Qd4 Ng5 27.
Nf4 Rf6 28. Kh1 Kh8 29. Nd5 Ne6 30. Qe5 Rg6 31. Ne7 Rg5 32. Qxg5 hxg5 33. Nxc8
Rxc8 34. b4 Kg8 35. Kg1 Kf8 36. Rd7 b5 37. c5 Ke8 38. Rd6 Ke7 39. Rxa6 Rb8 40.
Rb6 Rxb6 41. cxb6 1-0

[Event "Challengers Cup"]
[Site "Seattle CC"]
[Date "2009.12.13"]
[Round "3"]
[White "Xing, Kerry"]
[Black "Ummel, Igor"]
[Result "1-0"]
[WhiteElo "2107"]
[BlackElo "1933"]
[PlyCount "125"]
[EventDate "2009.12.13"]
[SourceDate "2009.12.12"]

1. d4 Nf6 2. c4 e6 3. Nc3 c5 4. d5 d6 5. e4 exd5 6. cxd5 g6 7. f4 Bg7 8. Bb5+
Nfd7 9. a4 O-O 10. Nf3 Na6 11. O-O Nb4 12. Be3 b6 13. Qd2 a6 14. Bc4 Re8 15.
Rfe1 Ra7 16. Bf2 Bh6 17. Bh4 f6 18. Bg3 Ne5 19. Be2 Rae7 20. Qd1 Nxf3+ 21. Bxf3
Bg7 22. Bh4 h6 23. Qd2 g5 24. Bg3 Rf8 25. f5 Kh7 26. Rf1 Qc7 27. b3 Bd7 28.
Rfc1 Qb8 29. Nd1 Rd8 30. a5 Bb5 31. Nb2 g4 32. Bxg4 Rxe4 33. Bf3 Rd4 34. Qf2
Nxd5 35. Rd1 Rxd1+ 36. Rxd1 Nc3 37. Rc1 Na2 38. Re1 Nb4 39. Bf4 bxa5 40. Qg3
Qa7 41. Qg6+ Kg8 42. Bxh6 d5 43. Kh1 c4 44. bxc4 dxc4 45. Nd1 Nd3 46. Re4 c3
47. Be3 c2 48. Bxa7 Ne5 49. Rxe5 Rxd1+ 50. Bxd1 cxd1=Q+ 51. Bg1 fxe5 52. f6 Qd7
53. fxg7 Qxg7 {Black offered a draw.} 54. Qe6+ Kh7 55. Qf5+ Kg8 56. h3 a4 57.
Bh2 Bd7 58. Qe4 Bc8 59. Bxe5 Bb7 60. Qc4+ Qf7 61. Qg4+ Kf8 62. Bd6+ Ke8 63.
Qxa4+ 1-0

[Event "Challengers - Reserve Section"]
[Site "Seattle CC"]
[Date "2009.12.13"]
[Round "4"]
[White "Caspi, Aviv"]
[Black "Feng, Roland"]
[Result "0-1"]
[WhiteElo "1590"]
[BlackElo "1739"]
[PlyCount "90"]
[EventDate "2009.12.13"]
[SourceDate "2009.12.12"]

1. c4 e5 2. Nc3 Nf6 3. g3 Bb4 4. Bg2 O-O 5. Rb1 c6 6. a3 Bxc3 7. bxc3 d5 8.
cxd5 cxd5 9. d3 Qc7 10. Bd2 Bd7 11. Nf3 Bc6 12. O-O Nbd7 13. Qc2 Rac8 14. Rfc1
Rfe8 15. c4 d4 16. Bb4 a5 17. Be1 Nc5 18. Qd2 b6 19. Rb2 Nfd7 20. Qg5 Ne6 21.
Qh5 Qd6 22. Ra1 e4 23. Ng5 Nxg5 24. Qxg5 exd3 25. Bxc6 Qxc6 26. exd3 Re5 27.
Qf4 Rce8 28. Rbb1 Nc5 29. Qd2 Qf3 30. Rb5 Re2 31. Qd1 Rxe1+ 32. Qxe1 Rxe1+ 33.
Rxe1 g6 34. Rxb6 Nxd3 35. Rf1 Ne5 36. c5 d3 37. Rd6 Nc4 38. Rd8+ Kg7 39. c6
Qxc6 40. Rxd3 Qe4 41. Rc3 Nd2 42. Re3 Nf3+ 43. Kh1 Qd5 44. Rb1 Nd2+ 45. Kg1
Nxb1 0-1

[Event "Challengers - Reserve Section"]
[Site "Seattle CC"]
[Date "2009.12.12"]
[Round "3"]
[White "Chang, Evangeline"]
[Black "Janko, Imre"]
[Result "1-0"]
[WhiteElo "1288"]
[BlackElo "1506"]
[PlyCount "97"]
[EventDate "2009.12.13"]
[SourceDate "2009.12.12"]

1. c4 e5 2. Nc3 g6 3. g3 Bg7 4. Bg2 Nc6 5. e3 Nge7 6. Nge2 O-O 7. O-O d6 8. b3
Rb8 9. Bb2 a6 10. d4 exd4 11. exd4 Bf5 12. a3 Qd7 13. Qd2 Bh3 14. Rab1 Bxg2 15.
Kxg2 b5 16. cxb5 axb5 17. Ne4 Qf5 18. N4c3 Nd5 19. Rfd1 b4 20. Na2 bxa3 21.
Bxa3 Qe4+ 22. f3 Qe3 23. Nac1 Rfe8 24. Rb2 Qxd2 25. Rdxd2 Re3 26. Rbc2 Rb6 27.
Nf4 Nxf4+ 28. gxf4 Bh6 29. Kg3 Re1 30. Kf2 Re7 31. Kg3 Nb4 32. Bxb4 Rxb4 33.
Rc4 Rb5 34. Rdc2 Rf5 35. Rxc7 Bxf4+ 36. Kg2 Rg5+ 37. Kf2 Be3+ 38. Kf1 Rg1+ 39.
Ke2 Bxc1+ 40. Rxe7 Rg2+ 41. Kd1 Rg1+ 42. Re1 Rxe1+ 43. Kxe1 Bf4 44. b4 Kf8 45.
Re2 d5 46. b5 Bd6 47. b6 Bf4 48. b7 Bb8 49. Rc2 1-0

[Event "Challengers - Reserve Section"]
[Site "Seattle CC"]
[Date "2009.12.12"]
[Round "2"]
[White "Chang, Evangeline"]
[Black "Tsemekhman, Ilya"]
[Result "1-0"]
[WhiteElo "1288"]
[BlackElo "938"]
[PlyCount "46"]
[EventDate "2009.12.13"]
[SourceDate "2009.12.12"]

1. c4 d5 2. cxd5 Qxd5 3. Nc3 Qa5 4. g3 Nf6 5. Bg2 e6 6. e3 Bb4 7. Nge2 O-O 8.
O-O Nc6 9. b3 Ne5 10. Qc2 b6 11. Bxa8 Ba6 12. Bg2 Bxc3 13. Nxc3 Bxf1 14. Kxf1
Qa6+ 15. Kg1 Nd3 16. Bf1 Nb4 17. Bxa6 Nxc2 18. Rb1 Nb4 19. Be2 Rd8 20. d4 c5
21. dxc5 bxc5 22. e4 Nd3 23. Be3 h5 (23... h5 24. Rd1 $18) 1-0

[Event "Challengers - Reserve Section"]
[Site "Seattle CC"]
[Date "2009.12.12"]
[Round "2"]
[White "Feng, Roland"]
[Black "Gelb, Nicolo"]
[Result "1-0"]
[WhiteElo "1739"]
[BlackElo "1298"]
[PlyCount "77"]
[EventDate "2009.12.13"]
[SourceDate "2009.12.12"]

1. Nf3 c5 2. c4 e6 3. Nc3 a6 4. d4 cxd4 5. Nxd4 Qc7 6. e4 Bc5 7. Be3 Nf6 8. Be2
d6 9. O-O O-O 10. Rc1 Nbd7 11. a3 b6 12. b4 Bxd4 13. Qxd4 Rd8 14. Rfd1 Ne8 15.
Na4 Rb8 16. c5 bxc5 17. bxc5 e5 18. Qd2 Qc6 19. Qa5 Qc7 20. Qxc7 Nxc7 21. Rxd6
Ne8 22. Rdd1 Nef6 23. c6 Rb3 24. cxd7 Bxd7 25. Nc5 Rbb8 26. Nxd7 Rxd7 27. Rxd7
Nxd7 28. Bxa6 Kf8 29. Rc8+ Rxc8 30. Bxc8 Nf6 31. f3 Ne8 32. Bc5+ Kg8 33. a4 f6
34. Be6+ Kh8 35. a5 Nc7 36. Bc4 g6 37. Bb6 Ne8 38. a6 Nd6 39. a7 1-0

[Event "Challengers - Reserve Section"]
[Site "Seattle CC"]
[Date "2009.12.12"]
[Round "3"]
[White "Feng, Roland"]
[Black "Nill, Matthew"]
[Result "1/2-1/2"]
[WhiteElo "1739"]
[BlackElo "1325"]
[PlyCount "137"]
[EventDate "2009.12.13"]
[SourceDate "2009.12.12"]

1. Nf3 Nc6 2. d4 e6 3. Bf4 Nf6 4. e3 Nd5 5. Bg3 d6 6. c4 Nf6 7. Nc3 Be7 8. Be2
O-O 9. Rc1 a6 10. O-O Nh5 11. a3 Nxg3 12. hxg3 f5 13. d5 Nb8 14. dxe6 Bxe6 15.
Nd4 Bd7 16. Bf3 Nc6 17. Bxc6 bxc6 18. Qf3 Qe8 19. Rfe1 c5 20. Nde2 Rb8 21. Qd5+
Kh8 22. Qd2 Bf6 23. Nf4 Bxc3 24. Rxc3 Bc6 25. b4 cxb4 26. axb4 Rxb4 27. Nd5
Bxd5 28. cxd5 Rb7 29. Rec1 Qb8 30. Rc6 Rc8 31. Rxa6 g6 32. Qc3+ Kg8 33. Rxd6
cxd6 34. Qxc8+ Qxc8 35. Rxc8+ Kg7 36. Rc6 Rd7 37. Kf1 Kf6 38. f4 h6 39. Ke2 g5
40. Kf3 g4+ 41. Ke2 Ke7 42. e4 fxe4 43. Ke3 Kf6 44. Kxe4 Re7+ 45. Kd3 Rd7 46.
Kd4 Kf5 47. Rc8 Kg6 48. Rg8+ Kf5 49. Rf8+ Kg6 50. Re8 h5 51. Ke4 Kf7 52. Re6
Rd8 53. Kf5 Ra8 54. Rxd6 Ra3 55. Re6 Rxg3 56. Re2 Rd3 57. Ke4 Rd1 58. g3 Kf6
59. Re3 Rd2 60. Rd3 Re2+ 61. Kd4 Kf5 62. d6 Ke6 63. Re3+ Rxe3 64. Kxe3 Kxd6 65.
Ke4 Ke6 66. f5+ Kf7 67. Kf4 Kf6 68. Ke4 Kf7 69. Kf4 1/2-1/2

[Event "Challengers - Reserve Section"]
[Site "Seattle CC"]
[Date "2009.12.12"]
[Round "1"]
[White "Gelb, Nicolo"]
[Black "Ambler, Dennis"]
[Result "1-0"]
[WhiteElo "1298"]
[BlackElo "1729"]
[PlyCount "57"]
[EventDate "2009.12.13"]
[SourceDate "2009.12.12"]

1. e4 d5 2. exd5 Nf6 3. d4 Bg4 4. Nf3 Qxd5 5. Be2 c6 6. O-O e6 7. c4 Qf5 8. Ne5
Bxe2 9. Qxe2 Nbd7 10. Nxd7 Nxd7 11. Nc3 O-O-O 12. a3 Bd6 13. b4 h5 14. c5 Bc7
15. a4 Nf6 16. b5 Rxd4 17. bxc6 bxc6 18. Qa6+ Kd7 19. Qxa7 Qc2 20. Nb5 cxb5 21.
c6+ Kxc6 22. Qxd4 Rd8 23. axb5+ Kxb5 24. Qa7 Nd5 25. Qa6+ Kc5 26. Be3+ Nxe3 27.
Rfc1 Kd5 28. Rxc2 Nxc2 29. Qa2+ 1-0

[Event "Challengers - Reserve Section"]
[Site "Seattle CC"]
[Date "2009.12.13"]
[Round "5"]
[White "Goodfellow, Robert"]
[Black "Nill, Matthew"]
[Result "1-0"]
[WhiteElo "1568"]
[BlackElo "1325"]
[PlyCount "135"]
[EventDate "2009.12.13"]
[SourceDate "2009.12.12"]

1. c4 e5 2. Nc3 Nf6 3. Nf3 e4 4. Ng5 Qe7 5. Qc2 e3 6. dxe3 Nc6 7. Nf3 g6 8. g3
b6 9. Bg2 Bb7 10. O-O Bg7 11. a3 O-O 12. Nd4 Nxd4 13. exd4 Bxg2 14. Kxg2 c6 15.
Bf4 Nh5 16. e3 g5 17. Bc7 Nf6 18. Be5 Ng4 19. Bxg7 Kxg7 20. Qf5 h5 21. h3 Nh6
22. Qe5+ Qxe5 23. dxe5 Rae8 24. Rad1 Re7 25. f4 Nf5 26. Rd3 gxf4 27. exf4 d6
28. exd6 Re6 29. Kf3 Nxd6 30. b3 Rfe8 31. Rf2 Ne4 32. Re2 f5 33. Rd7+ Kf6 34.
Nxe4+ fxe4+ 35. Ke3 R8e7 36. Red2 Kf5 37. Rd8 Rg7 38. Rf8+ Rf6 39. Rxf6+ Kxf6
40. Rg2 Kf5 41. g4+ Kf6 42. Kxe4 Re7+ 43. Kf3 hxg4+ 44. hxg4 Re1 45. g5+ Kg6
46. Kg4 Rf1 47. b4 a5 48. c5 axb4 49. cxb6 bxa3 50. b7 Rb1 51. f5+ Kg7 52. Kh5
Rxb7 53. f6+ Kg8 54. g6 Rb2 55. Rg1 a2 56. Rd1 Rh2+ 57. Kg4 Rg2+ 58. Kf5 Rf2+
59. Ke6 Re2+ 60. Kd7 Rg2 61. Ke8 Re2+ 62. Kd7 Rg2 63. Ke7 Re2+ 64. Kd8 Rg2 65.
Rh1 Rxg6 66. Ke7 Rh6 67. f7+ Kh7 68. Rxh6+ 1-0

[Event "Challengers - Reserve Section"]
[Site "Seattle CC"]
[Date "2009.12.12"]
[Round "2"]
[White "He, Samuel"]
[Black "Wade, James"]
[Result "1/2-1/2"]
[WhiteElo "1394"]
[BlackElo "1093"]
[PlyCount "56"]
[EventDate "2009.12.13"]
[SourceDate "2009.12.12"]

1. d4 Nf6 2. c4 g6 3. Nc3 Bg7 4. e4 d6 5. Nf3 O-O 6. Be2 e5 7. d5 Nbd7 8. Be3
Ng4 9. Bg5 f6 10. Bh4 Qe8 11. Nd2 Nh6 12. g4 Nf7 13. Bg3 a5 14. h4 Nc5 15. Qc2
a4 16. f3 Bd7 17. Kf2 h6 18. Rag1 b6 19. Qb1 Qe7 20. Nf1 Rfb8 21. Ne3 Kh7 22.
g5 h5 23. Rg2 Rf8 24. f4 fxg5 25. fxe5 Nxe5+ 26. Ke1 Nf3+ 27. Bxf3 Rxf3 28. Bf2
Re8 $19 1/2-1/2

[Event "Challengers - Reserve Section"]
[Site "Seattle CC"]
[Date "2009.12.13"]
[Round "4"]
[White "Janko, Imre"]
[Black "Mathews, Dan"]
[Result "0-1"]
[WhiteElo "1506"]
[BlackElo "1781"]
[PlyCount "61"]
[EventDate "2009.12.13"]
[SourceDate "2009.12.12"]

1. e4 e6 2. d4 d5 3. Nc3 dxe4 4. Nxe4 Be7 5. Nf3 Nf6 6. Bd3 O-O 7. O-O Nc6 8.
c3 b6 9. Re1 Bb7 10. Qc2 g6 11. Bh6 Re8 12. Rac1 Nxe4 13. Bxe4 Na5 14. Bxb7
Nxb7 15. Ne5 Bf6 16. Qd2 Bxe5 17. Rxe5 f6 18. Re3 Nd6 19. Rh3 Nf5 20. Be3 Qe7
21. Qe2 Nxe3 22. Rxe3 Rad8 23. Re1 Rd5 24. f4 Rd6 25. b4 c6 26. Qg4 f5 27. Qe2
c5 28. bxc5 bxc5 29. dxc5 Rc6 30. Re5 Kf7 31. Rd1 {
remaining moves indecipherable} 0-1